00454cam a22001097a 4500008004000000082001500040245006700055260006200122300001100184500009800195700005100293180718b1956 xxu||||| |||| 00| 0 eng d aW9x54 In2m aAir manualcby Ministry of Information and Broadcasting, India aNew DelhibMinistry of Information and Broadcastingc1956 a694+p. aContents : Library has V.1 : Finance, Accounts and Administrtaion, V.2 : Appendices and Forms aIndia.Ministry of Information and Broadcasting